LEADER 00499nas a2200157 i 4500 001 000000130547 003 CaOOAMICUS 005 20041111000000.0 008 041111b it uu u0 0ita r 013 $a103282 040 $aSeMil$bita 245 10$aTitolo mancante. 773 0 $tNuovo Cimento.$dBologna : Zanichelli, 1942-1971.$w()2554 850 $aSeMil 852 $aSeMil$W1$xVenegono$y1$m177 7 1-3$j84588$B84588$CSeMilBibl$Z2$F88150 $82 996 $6245$aTitolo mancante$9(OLS)http://semarc/title/46445 LEADER 01979nam a2200313 i 4500 001 000000230554 003 CaOOAMICUS 005 20221214140415.0 008 140611s1756 it u000 u lat u 013 $a209456 026 $ater- rodi t.ro XVin (C) 1756 (R) 040 $aSeMil$bita 100 0 $aLeo I,$c.$0(OLS)http://semarc/name/1349 245 10$aTomus secundus continens opera s. Leoni attributa, quĉ nec ad sermones, nec ad epistolas pertinent. Accedunt s. Hilarii episcopi Arelatensis Opuscula, ad codd. exacta & aucta. Subjiciuntur Dissertationes 11. Quesnelli in s. pontificis Opera, .. 300 $aXVI col., XIII p., 1-304 [i.e. 306] col., [2] p., 309-1668 col. 500 $aniz., testatine, fregi xilogr. 500 $aSegn.: *4 A-5O4. 500 $aRipetute nella num. le col. 297-298 773 0 $aLeo I $tSancti Leonis Magni Romani pontificis Opera post Paschasii Quesnelli recensionem ad complures & praestantissimos mss. codices ab illo non consultos exacta, emendata, & ineditis aucta: praefationibus, admonitionibus, & adnotationibus illustrata. Adduntur etiam quaecumque in quesnelliana editione inveniuntur, eaque ad crisin revocantur. Curantibus Petro et Hieronymo fratribus Balleriniis ... Tomus 1. [-3.].$dVenetiis : Apud Simonem Occhi, 1753-1757.$g2$w()30058 850 $aSeMil 852 $aSeMil$W1$xVenegono$y1$m2U VI 18 FA$j180900$B180900$CSeMilBibl$Z2$F191758 $8I 900 0 $aLeone I$c. 900 0 $aLeone : Magno$c. 941 1 $a10 961 $aRecupero: Mantegazza 996 $6245$aTomus secundus continens opera s. Leoni attributa, quĉ nec ad sermones, nec ad epistolas pertinent. Accedunt s. Hilarii episcopi Arelatensis Opuscula, ad codd. exacta & aucta. Subjiciuntur Dissertationes 11. Quesnelli in s. pontificis Opera, ..$9(OLS)http://semarc/title/329386